00342pab a2200145 454500008004000000100002000040245002200060260000900082300002600091362001000117650001900127650002200146650001400168773001400182180718b1997 xxu||||| |||| 00| 0 eng d aHingorani, N.H. aJudicial activism c1997 ap.8; 10 Jan 1997, p.8 a9 Jan aJudges - India aJudiciary - India aJudiciary aStatesman